An Anishinaabe Christmas / (Record no. 402096)
[ view plain ]
| 000 -LEADER | |
|---|---|
| fixed length control field | 01540nam a2200349 i 4500 |
| 001 - CONTROL NUMBER | |
| control field | zcodcb b8624046 |
| 005 - DATE AND TIME OF LATEST TRANSACTION | |
| control field | 20241121171339.0 |
| 007 - PHYSICAL DESCRIPTION FIXED FIELD--GENERAL INFORMATION | |
| fixed length control field | t|| |
| 008 - FIXED-LENGTH DATA ELEMENTS--GENERAL INFORMATION | |
| fixed length control field | 240910s2024 onca a 000 1 eng d |
| 010 ## - LIBRARY OF CONGRESS CONTROL NUMBER | |
| LC control number | bl2024027065 |
| 020 ## - INTERNATIONAL STANDARD BOOK NUMBER | |
| International Standard Book Number | 9781774883570 |
| Qualifying information | hardcover |
| 020 ## - INTERNATIONAL STANDARD BOOK NUMBER | |
| International Standard Book Number | 1774883570 |
| 040 ## - CATALOGING SOURCE | |
| Original cataloging agency | GCmBT |
| Language of cataloging | eng |
| Transcribing agency | GCmBT |
| Description conventions | rda |
| 092 ## - LOCALLY ASSIGNED DEWEY CALL NUMBER (OCLC) | |
| Classification number | children holiday |
| Item number | Kinew |
| 100 1# - MAIN ENTRY--PERSONAL NAME | |
| Personal name | Kinew, Wab, |
| Dates associated with a name | 1981- |
| Relator term | author. |
| Relator code | aut. |
| 9 (RLIN) | 6398082 |
| 245 13 - TITLE STATEMENT | |
| Title | An Anishinaabe Christmas / |
| Statement of responsibility, etc | words by Wab Kinew ; pictures by Erin Hill. |
| 264 #1 - Production, Publication, Distribution, Manufacture, and Copyright Notice. | |
| Place of production, publication, distribution, manufacture | [Toronto, Ontario, Canada] : |
| Name of producer, publisher, distributor, manufacturer | Tundra ; |
| Place of production, publication, distribution, manufacture | [Plattsburgh, New York] : |
| Name of producer, publisher, distributor, manufacturer | Tundra Books of Northern New York, an imprint of Tundra Book Group, a division of Penguin Random House of Canada Limited, |
| Date of production, publication, distribution, manufacture, or copyr | [2024] |
| 300 ## - PHYSICAL DESCRIPTION | |
| Extent | 1 volume (unpaged) : |
| Other physical details | color illustrations ; |
| Dimensions | 27 cm. |
| 336 ## - Content Type | |
| Content type term | text |
| 336 ## - Content Type | |
| Content type term | still image |
| 337 ## - Media type | |
| Media type term | unmediated |
| 338 ## - Carrier type | |
| Carrier type term | volume |
| 520 ## - SUMMARY, ETC. | |
| Summary, etc | A festive, joyful Indigenous picture book explores both Christmas traditions and Anishinaabe culture as Baby and the family return to the reservation to celebrate the holidays with the extended family. |
| 546 ## - LANGUAGE NOTE | |
| Language note | Text primarily in English; some words in Anishinaabe. |
| 650 #1 - SUBJECT ADDED ENTRY--TOPICAL TERM | |
| Topical term or geographic name as entry element | Ojibwa Indians |
| Form subdivision | Fiction. |
| 9 (RLIN) | 5714004 |
| 650 #1 - SUBJECT ADDED ENTRY--TOPICAL TERM | |
| Topical term or geographic name as entry element | Family life |
| Form subdivision | Fiction. |
| 9 (RLIN) | 5674038 |
| 650 #1 - SUBJECT ADDED ENTRY--TOPICAL TERM | |
| Topical term or geographic name as entry element | Christmas |
| Form subdivision | Fiction. |
| 9 (RLIN) | 5675145 |
| 650 #1 - SUBJECT ADDED ENTRY--TOPICAL TERM | |
| Topical term or geographic name as entry element | Picture books. |
| 655 #7 - INDEX TERM--GENRE/FORM | |
| Genre/form data or focus term | Picture books. |
| Source of term | lcgft. |
| 700 1# - ADDED ENTRY--PERSONAL NAME | |
| Personal name | Hill, Erin |
| Titles and other words associated with a name | (Illustrator), |
| Relator term | illustrator. |
| 9 (RLIN) | 6496896 |
| 942 ## - ADDED ENTRY ELEMENTS (KOHA) | |
| Source of classification or shelving scheme | Dewey Decimal Classification |
| Koha item type | BOOK |
| Withdrawn status | Lost status | Source of classification or shelving scheme | Damaged status | Not for loan | Collection code | Home library | Current library | Shelving location | Date acquired | Source of acquisition | Total Checkouts | Total Renewals | Full call number | Barcode | Date last seen | Date checked out | Cost, replacement price | Price effective from | Koha item type |
|---|---|---|---|---|---|---|---|---|---|---|---|---|---|---|---|---|---|---|---|
| Dewey Decimal Classification | Children Holiday Books | Wasatch County Library | Wasatch County Library | Main Floor Childrens Area | 11/21/2024 | KidsReference | 3 | 2 | E Christmas Kinew | 34301002138479 | 01/02/2026 | 12/20/2025 | 18.99 | 11/21/2024 | BOOK |
